| 000 | 00398nam a22001697a 4500 | ||
|---|---|---|---|
| 005 | 20231103122112.0 | ||
| 008 | 231103b |||||||| |||| 00| 0 eng d | ||
| 020 | _a978-23-88459-40-2 | ||
| 041 | _aeng | ||
| 082 | _a622.42 | ||
| 100 |
_aRAMLU. DR. M.A _98221 |
||
| 245 | _aELEMENTS OF MINE VENTILATION | ||
| 260 | _bWHITE FALCON PUBLISHING | ||
| 300 | _a149;p | ||
| 650 | _aMINING | ||
| 942 | _cBK | ||
| 999 |
_c8442 _d8440 |
||